| 000 | 00758nam a22002297a 4500 | ||
|---|---|---|---|
| 003 | URS | ||
| 005 | 20230323144644.0 | ||
| 020 | _a9711005247 (pbk) | ||
| 040 |
_bEnglish _cURS _erda |
||
| 050 |
_aDS674 _b.Sco86 2022 |
||
| 100 |
_94324 _aScott, William Henry, _eauthor. |
||
| 245 |
_aLooking for the pre-hispanic Filipino and other essays in Philippine history / _c William Henry Scott. |
||
| 264 |
_aQuezon City : _bNew Day, _c©2022. |
||
| 300 |
_aix, 170 pages ; _c 22 cm. |
||
| 336 |
_2rdacontent _atext _btxt |
||
| 337 |
_2rdamedia _aunmediated _bn |
||
| 338 |
_2rdacarrier _avolume _bnc |
||
| 504 | _aIncludes bibliographical references. | ||
| 650 | 0 |
_94320 _aHistorical essays. |
|
| 650 | 0 |
_94322 _aPhilippines _vHistory _xLiterary works. |
|
| 942 |
_2lcc _cF |
||
| 999 |
_c69098 _d69098 |
||